000 00310nam a22001337a 4500
003 SGT
082 _a438
_bKOT
100 _aKOTLER, PHILIP
245 _aMARKETING FOR HOSPITALITY AND TOURISM
260 _aINDIA
_bPERSON PUB.
_c2004
300 _a893
650 _aHOSPITALITY AND TOURISM
942 _2ddc
_cBK
999 _c26511
_d26511